Normal view
MARC view
- FUTURES. FUTURE MAKETS.MASTERING FUTURE TRADING
Entry Topical Term
001 - CONTROL NUMBER
- control field: 61866
003 - CONTROL NUMBER IDENTIFIER
- control field: NUST
005 - DATE AND TIME OF LATEST TRANSACTION
- control field: 20210628202832.0
008 - FIXED-LENGTH DATA ELEMENTS
- fixed length control field: 210628|| aca||aabn | a|a d
040 ## - CATALOGING SOURCE
- Original cataloging agency: NUST
- Transcribing agency: NUST
150 ## - HEADING--TOPICAL TERM
- Topical term or geographic name entry element: FUTURES. FUTURE MAKETS.MASTERING FUTURE TRADING
670 ## - SOURCE DATA FOUND
- Source citation: Work cat.: (NUST): Yoder, Bo 61865, Mastering future trading, an advanced course for sophisticated strategies that work, 2004
